000
00245nam a2200085Ia 4500
245
0
_a
Her daughter's dream
100
_a
Rivers, Francine, Vereeniging [South Africa], 2010
_9
78260
942
_c
BK
008
210817s9999 xx 000 0 und d
999
_c
270123
_d
270122